00827nam a2200217 a 450000100100000000500170001000800410002704000250006808200200009310000390011324500810015226000480023330000300028150000420031150000730035350000290042660000660045565000240052165000270054570000370057200001037620240412074217.0091006s1976 dr c r 000 p spa d aDO-SdBNPbspacBNPHU aRD861.42bG216p1 aGarcía Godoy, Emilio,d1894-196910aPoesías /cEmilio García Godoy ; introducción Bruno Rosario Candelier. aSanto Domingo :bEditora del Caribe,c1976. a134 p. :bretr. ;c21 cm. aIncluye datos biográficos del autor aIncluye referencias bibliográficas y notas al pie de las páginas aEdición postuma - 197614aGARCIA-GODOY, EMILIOd1894-1969xCRÍTICA Y INTERPRETACIÓN 0aPoesía dominicana 0aLiteratura dominicana.12aRosario Candelier, Bruno,d1941-